Представление документа в формате RUSMARC

ПолеНазваниеЗначение
  Тип записи a
  Библиографический уровень m
001 Контрольный номер RU/IS/BASE/488559071
005 Дата корректировки 20240207193206.6
010 Индекс ISBN __
a ISBN 978-5-496-00240-0
d Цена 106 р. 25 к.
9 Тираж 5000 экз.
100 Данные общей обработки __
a Данные общей обработки 20150625d2015 ||| 0rusy0189 ca
101 Язык документа 0_
a Язык текста rus
102 Страна публикации __
a Страна публикации RU
105 Кодированные данные (монография) __
a Кодированные данные (монография) y###||||000|y
200 Заглавие и сведения об ответственности 1_
a Заглавие Почему ботинки не летают?
f Первые сведения об ответственности М. Ромодина
b Общее обозначение материала Текст
e Сведения, относящиеся к заглавию 60 фокусов, экспериментов, испытаний, фактов и ребусов по физике и химии
210 Выходные данные 1_
a Место издания Санкт-Петербург
c Издательство Питер
d Дата издания 2014
215 Физическое описание __
a Объем 62, [2] с.
c Иллюстрации/тип воспроизводства ил.
d Формат 25 см.
225 Серия 1_
a Серия Вы и ваш ребенок
300 Общие примечания __
a Общие примечания 6+
606 Тематические рубрики 1_
a Основная рубрика Развлечения научные
606 Тематические рубрики 0_
a Основная рубрика Физика занимательная
606 Тематические рубрики 0_
a Основная рубрика Химия занимательная
610 Ключевые слова 1_
a Ключевые слова фокусы
a Ключевые слова эксперименты
a Ключевые слова ребусы
a Ключевые слова испытания
a Ключевые слова факты
a Ключевые слова развлечения для детей
a Ключевые слова физика занимательная
a Ключевые слова химия занимательная
686 Индексы других классификаций __
a Классификационный индекс 99.2 + 22.3я92 + 24я92
a Классификационный индекс 22.3я92
a Классификационный индекс 24я92
2 Код системы rubbk
700 Автор _1
a Фамилия Ромодина
b Имя (инициалы) Марина
801 Источник записи _0
a Страна RU
b Организация Ульяновская ОБДЮ
c Дата составления 20150625
g Правила каталогизации RCR
801 Источник записи _1
a Страна RU
b Организация Ульяновская ОБДЮ
c Дата составления 20150625
g Правила каталогизации RCR
852 Данные о местонахождении __
a Наименование организации Ульяновская ОБДЮ
i Авторский знак Р 70
j Шифр хранения 99.2
901 Тип документа __
t Тип документа m
910 Корректоры записи __
a Корректор записи Лифанова А.
919 __
a Лифанова А.
938 Служебная информация __
a Имя БД MarkBase